000 00493nam a2200181Ia 4500
008 151202s9999||||xx |||||||||||||| ||und||
082 _bPNVM-58328
100 _aकदम बाबा
245 _aबादशहा.
260 _b"श्रदा प्रकाशन,पुणे."
260 _c0
300 _a135
600 _aकदम बाबा
630 _aबादशहा.
700 _aकदम बाबा
730 _aबादशहा.
942 _cBOOK
999 _c1324863
_d1324860